The process of parenting
A comprehensive introduction to parenting that describes the many ways parents and caregivers can translate their love and concern for children into effective parenting behavior. It emphasises on the developmental process and on the changing nature of parent-children relationships, presenting a wide...
Saved in:
| Main Author: | |
|---|---|
| Format: | Book |
| Language: | Undetermined |
| Published: |
New York, NY
McGraw-Hill
2004
|
| Subjects: | |
| Tags: |
Add Tag
No Tags, Be the first to tag this record!
|
| Institutions: | Trung tâm Học liệu Trường Đại học Cần Thơ |
|---|
| LEADER | 00888nam a2200217Ia 4500 | ||
|---|---|---|---|
| 001 | CTU_190221 | ||
| 008 | 210402s9999 xx 000 0 und d | ||
| 020 | |c 710000 | ||
| 082 | |a 649.1 | ||
| 082 | |b B873 | ||
| 100 | |a Brooks, Jane B. | ||
| 245 | 4 | |a The process of parenting | |
| 245 | 0 | |c Jane B. Brooks | |
| 260 | |a New York, NY | ||
| 260 | |b McGraw-Hill | ||
| 260 | |c 2004 | ||
| 520 | |a A comprehensive introduction to parenting that describes the many ways parents and caregivers can translate their love and concern for children into effective parenting behavior. It emphasises on the developmental process and on the changing nature of parent-children relationships, presenting a wide range of theories and research | ||
| 650 | |a Parenting,Nuôi dạy con | ||
| 650 | |z United States,Hoa Kỳ | ||
| 904 | |i Bằng | ||
| 980 | |a Trung tâm Học liệu Trường Đại học Cần Thơ | ||